Statistics for Billboard Hot 100 April 13th, 2022

Click here to take the quiz!

General Stats

  • This quiz has been taken 30 times
  • The average score is 26 of 100

Answer Stats

No.ArtistSong% Correct
4Kid LAROI/
Justin Bieber
Stay
89%
2Glass AnimalsHeat Waves
81%
1Harry StylesAs It Was
78%
11EncantoWe Don't Talk About Bruno
78%
9GayleAbcdefu
74%
20Lil Nas XIndustry Baby
74%
5Imagine DragonsEnemy
70%
12Ed SheeranBad Habits
67%
14AdeleEasy On Me
67%
22Olivia RodrigoGood 4 U
63%
18The Weeknd/
Ariana Grande
Save Your Tears
63%
7Justin BieberGhost
59%
17Dua LipaLevitating
59%
15Dua Lipa/
Elton John
Cold Heart
56%
16Doja CatNeed To Know
56%
13Ed SheeranShivers
56%
6Kodak BlackSuper Gremlin
52%
8Doja CatWoman
52%
3LattoBig Energy
48%
10Lil Nas XThat's What I Want
48%
28Camila Cabello/
Ed Sheeran
Bam Bam
44%
19Post Malone/
The Weeknd
One Right Now
44%
40Dove CameronBoyfriend
41%
31Charlie PuthLight Switch
41%
30Megan Thee Stallion/
Dua Lipa
Sweetest Pie
41%
36Walker HayesFancy Like
37%
46Tate McRaeShe's All I Wanna Be
37%
51Jessica DarrowSurface Pressure
37%
32Doja CatYou Right
37%
58Jack HarlowNail Tech
33%
53Fireboy DML/ Ed SheeranPeru
33%
25Gunna/Future/Young ThugPushin P
33%
93Imagine DragonsBones
30%
68Nicki Minaj X Lil BabyDo We Have A Problem
30%
29Lauren Spencer-SmithFingers Crossed
30%
49Tiesto/ Ava MaxThe Motto
30%
65Tyga/Doja CatFreaky Deaky
26%
47Em BeiholdNumb Little Bug
26%
66EncantoThe Family Madrigal
26%
55Lil DurkAhhh Ha
22%
60Lil Durk Featuring Morgan WallenBroadway Girls
22%
24SZAI Hate U
22%
48CKayLove Nwantiti
22%
26Becky G/Carol GMAMII
22%
56Summer Walker/ SZANo Love
22%
41Lil Durk/
Gunna
What Happened To Virgil
22%
38Shawn MendesWhen You're Gone
22%
37Elle King/
Miranda Lambert
Drunk
19%
70AnittaEnvolver
19%
23Muni LongHrs and Hrs
19%
67Kevin Gates Featuring Juicy JThinking With My Dick
19%
50JNR CHOI/Sam TompkinsTo The Moon
19%
35Walker HayesAA
15%
33Lil TjayIn My Head
15%
62Nardo Wick, Lil Baby & FutureMe Or Sum
15%
594*TOWNNobody Like You
15%
79Gunna Featuring DrakeP Power
15%
45Morgan WallenSand In My Boots
15%
42Morgan WallenWasted On You
15%
52Sam Hunt23
11%
54Maren MorrisCircles Around This Town
11%
97Fivio Foreign, Kanye West &
Alicia Keys
City Of Gods
11%
64ERNEST Featuring Morgan WallenFlower Shops
11%
94Doja CatGet Into It
11%
89The WaltersI Love You So
11%
100YeatMoney So Big
11%
63Carly Pearce & Ashley McBrydeNever Wanted To Be That Girl
11%
21Cody Johnson'Til You Can't
11%
44Dierks Bentley/Breland/
HARDY
Beers On Me
7%
39Jordan Davis/
Luke Bryan
Buy Dirt
7%
915 Seconds Of SummerComplete Mess
7%
27Luke CombsDoin' This
7%
73Russ Featuring KtlynHandsomer
7%
61Eric ChurchHeart On Fire
7%
69Miranda LambertIf I Was A Cowboy
7%
34Cole Swindell/
Lainey Wilson
Never Say Never
7%
74Gucci Mane Featuring Lil Durk Rumors
7%
43Thomas RhettSlow Down Summer
7%
57Yahritza y Su EsenciaSoy El Unico
7%
71JID & J. Cole Featuring
Kenny Mason & Sheck Wes
Stick
7%
72Jason AldeanTrouble With A Heartbreak
7%
78GunnaBanking On Me
4%
76Sebastian YatraDos Oruguitas
4%
77HARDYGive Heaven Some Hell
4%
84YoungBoy Never Broke AgainI Hate YoungBoy
4%
80Machine Gun Kelly X blackbearMake Up Sex
4%
85Lucky DayeOver
4%
83Lil Durk Featuring FuturePetty Too
4%
87Ari LennoxPressure
4%
88ParmaleeTake My Name
4%
92AnnenMayKantereit & Giant RooksTom's Diner
4%
90EncantoWhat Else Can I Do?
4%
96YoungBoy Never Broke Again4KT Baby
0%
98Gucci Mane Featuring Key Glock
& Young Dolph
Blood All On It
0%
95Rod WaveBy Your Side
0%
81Blake SheltonCome Back As A Country Boy
0%
82Scotty McCreeryDamn Strait
0%
99Rauw Alejandro & Chencho CorleoneDesesperados
0%
86Russell Dickerson & Jake ScottShe Likes It
0%
75Parker McCollum To Be Loved By You
0%

Score Distribution

Percentile by Number Answered

Percent of People with Each Score

Your Score History

You have not taken this quiz